The Language of the Gods in the World of Men (Record no. 20219)

MARC details
000 -LEADER
fixed length control field 00337nam a22001337a 4500
020 ## - INTERNATIONAL STANDARD BOOK NUMBER
ISBN 8178242753
082 ## - DEWEY DECIMAL CLASSIFICATION NUMBER
Classification number 891.254 POL
100 ## - MAIN ENTRY--AUTHOR NAME
Author name Pollock, Shelden
245 ## - TITLE STATEMENT
Title The Language of the Gods in the World of Men
260 ## - PUBLICATION, DISTRIBUTION, ETC. (IMPRINT)
Place of publication New Delhi
Name of publisher Permanant Black
Year of publication 2007
300 ## - PHYSICAL DESCRIPTION
Number of Pages 684
650 ## - SUBJECT ADDED ENTRY--TOPICAL TERM
Topical Term Sanskrit- Litrature- History
942 ## - ADDED ENTRY ELEMENTS (KOHA)
Koha item type Books
Holdings
Home library Current library Date acquired Source of acquisition Cost, normal purchase price Full call number Accession Number Koha item type
Henry Martyn Institute Library Henry Martyn Institute Library 02/02/2017 Orient Blackswan hyderabad 795.00 891.254 POL 25135 Books
                   Copyright © 2026 | Henry Martyn Institute | Hyderabad | TS-500052 | INDIA | Implemented by hmi.edu.in
Hit-Count:

Powered by Koha